000 00700nam a22002297a 4500
999 _c6700
_d6700
003 OSt
005 20200303121638.0
008 200303b ||||| |||| 00| 0 eng d
020 _a0198552939
040 _cDLC
082 _a540
_bATW 1991
245 _aInclusion compounds :
_binorganic and physical aspects of inclusion /
_cJ.L.Atwood, J.E.D Davies, D.D MacNicol
250 _avol.5
260 _aOxford
_bOxford University Press
_c1991
300 _axiv, 381p;
_bill :
_c16 cm.
504 _aIncludes bibliographical references and index
650 _2Inclusion
700 _aAtwood, J.L
_913763
700 _aDavies, J. E. D
_913764
700 _aMacNicol, D. D
_913765
942 _2ddc
_cO_SHELF